[Event "Chioggia op-B 10th"]
[Site "Chioggia"]
[Date "2015.10.10"]
[Round "3"]
[White "Artuso, Sofia"]
[Black "Rostirolla, Daniele"]
[Result "1/2-1/2"]
[WhiteElo "1746"]
[BlackElo "1507"]
[PlyCount "60"]
[EventDate "2015.10.09"]
[EventType "swiss"]
[EventRounds "5"]
[EventCountry "ITA"]
[SourceTitle "EXT 2022"]
[Source "ChessBase"]
[SourceDate "2021.10.06"]
[SourceVersion "1"]
[SourceVersionDate "2021.10.06"]
[SourceQuality "1"]

1. d4 f5 2. Bg5 h6 3. Bh4 g5 4. e3 Nf6 5. Bg3 b6 6. h4 Bg7 7. Nc3 Bb7 8. Be5 g4 9. h5 d6 10. Bg3 Nbd7 11. Qd3 e6 12. Nge2 Qe7 13. Nf4 Nf8 14. 0-0-0 0-0-0 15. d5 e5 16. Qxf5+ Kb8 17. Ng6 Nxg6 18. Qxg6 e4 19. Bh4 Rdf8 20. Bxf6 Rxf6 21. Qxe4 Qxe4 22. Nxe4 Rf5 23. Rh4 Bxd5 24. Rxg4 Bxe4 25. Rxe4 Rxf2 26. Rg4 Bf6 27. Bd3 Bg5 28. Re1 Re8 29. Re4 Ref8 30. Kd1 Rxg2 1/2-1/2